01449nam a2200421 i 4500001000700000003000800007005001700015006001900032007001500051008004100066020001800107020002700125035002300152035002400175035002500199035002100224040003100245050002100276080000800297082001400305100002200319245007000341250002200411264005900433300005800492336003100550337003300581338004300614490003200657588012800689650001100817650001600828650001800844655002700862700004300889830003300932856006200965125308FlNmELB20241217175810.0m o d | cr cnu||||||||161214s2015 mx a o 000 0 spa d z9786071632234 a9786071634375 (e book) a(MiAaPQ)EBC4722077 a(Au-PeEL)EBL4722077 a(CaPaEBR)ebr11286237 a(OCoLC)992084513 aFINmELBbspaerdacFINmELB 4aQB801bM236 2015 a5240 a523.82231 aMalacara, Daniel.10aTelescopios y estrellas /cDaniel Malacara, Juan Manuel Malacara. aCuarta edición. 1aMéxico, D.F. :bFondo de Cultura Económica,c2015. a1 recurso en línea (196 páginas) :bilustraciones atextobtxt2rdacontent/spa acomputadorabc2rdamedia/spa arecurso en líneabcr2rdacarrier/spa1 aLa ciencia para todos ;v57 aDescripción basada en recurso en línea; Título de la página del título en PDF (e-libro, visto December 14, 2016). 0aStars. 0aTelescopes. 4aAstronomía. 4aLibros electrónicos.1 aMalacara Doblado, Juan Manuel,eautor. 0aLa ciencia para todos ;v57.40uhttps://elibro.net/ereader/politecnicointernacional/37757